00658nam a2200169 4500001000700000003000900007005001700016007000300033008004100036100004900077245011300126260003100239300004500270852003200315999001900347952012200366122204ES-MaACL20251116063103.0t|070214s1973 sp r ||||1| spa d0 aPrieto-Castro y Ferrándiz, Leonardo99391910aModelos para la práctica jurídica procesal civil / ccompuesto por Leonardo Prieto-Castro y Ferrándiz. aMadrid : bTecnos, c1973. a271 p., 1 lám. = retr. aut. ; c21 cm. aES-MaACLjC-54013 bR.86672 c122204d122204 00104070aATENEOMbATENEOMcDEPO2d2008-01-17eSCl0oC-54013p1127347r2023-02-23 00:00:00w2023-02-23yMONOGRAFIA